000 00667nam a22001937a 4500
999 _c175813
_d175813
005 20201005122118.0
010 _aUR-10877
020 _c250.00
_a9789390100330
035 _aU-9432
037 _bDBAD/PUB
082 _a394.2
100 _aا حتشا م ا لحق
245 _aہر ر و ز ر و ز عيد
_cا حتشا م ا لحق
246 _bHar Roz Roz-E- Eid (Urdu)
_aby Ehteshamul Haque
260 _aN.Delhi
_bEducational Publishing House
_c2020 ء
270 _aH.O.D1/16,Ansari Road,Darya ganj,
_bN.Delhi
_e110002
_k45678285,23216162
_l0091-11-23211540
300 _a248 ص
_c22 Cm(Hb)
942 _2ddc
_cUR
_h394.2
_mا ح ت